| 000 | 01089nac a22003617a 4500 | ||
|---|---|---|---|
| 001 | BR8707025 | ||
| 003 | BR-BrBNA | ||
| 005 | 20240105120621.0 | ||
| 008 | 230509b bl.|||m| |||| 00| 0 por d | ||
| 040 |
_aBR-BrBNA _bpor _cBiblioteca Nacional de Agricultura |
||
| 072 | _aF01; F50; F70 | ||
| 090 | _a1190 BR8707025 | ||
| 100 | 1 | _aMattos, J.R. | |
| 110 | 1 |
_aInstituto de Pesquisas de Recursos Naturais Renovaveis "Ataliba Paz", Porto Alegre, RS (Brasil) _96156 |
|
| 245 | 1 | _aA Goiabeira serrana | |
| 246 | 1 | _a[Feijoa Sellowiana] | |
| 250 | 1 | _a2. ed. | |
| 260 | 3 |
_aPorto Alegre, RS (Brasil): _c1986. |
|
| 300 | _a84 p. | ||
| 490 |
_aPublicacao IPRNR (Brazil) _vno. 19 _xISSN 0101-7667 |
||
| 500 | _a7 tables; 41 illus.; 29 ref. | ||
| 650 | _aFRUTA TROPICAL | ||
| 650 | _aBOTANICA | ||
| 650 | _aTAXONOMIA VEGETAL | ||
| 650 | _aANATOMIA VEGETAL | ||
| 650 | _aDISTRIBUICAO GEOGRAFICA | ||
| 650 | _aREPRODUCAO VEGETAL | ||
| 650 | _aCLIMA | ||
| 650 | _aSOLO | ||
| 650 | _aPRATICA CULTURAL | ||
| 909 |
_a202312 _bLúcia Elande _c55 _dLúcia Elande |
||
| 942 |
_2AGRIS _n0 _cMS |
||
| 999 |
_c280487 _d280487 |
||